[Event "CZE-ch Betsys Online Blitz"]
[Site "Chess.com INT"]
[Date "2021.04.17"]
[Round "11"]
[White "Dolezal, Eduard"]
[Black "Konecny, Jakub"]
[Result "0-1"]
[WhiteElo "1093"]
[BlackElo "1306"]
[PlyCount "130"]
[EventDate "2021.04.17"]
[EventType "swiss (blitz)"]
[EventRounds "13"]
[EventCountry "CZE"]
[SourceTitle "CBM 201 Extra"]
[Source "ChessBase"]
[SourceDate "2021.05.31"]
[SourceVersion "1"]
[SourceVersionDate "2021.05.31"]
[SourceQuality "1"]

1. d4 Nf6 2. c4 e6 3. Nc3 Bb4 4. Qc2 b6 5. Bg5 Bb7 6. e4 h6 7. Bxf6 Qxf6 8. Nf3 d6 9. Bd3 Nd7 10. 0-0 0-0 11. a3 Bxc3 12. Qxc3 Qe7 13. Rfe1 e5 14. d5 Nc5 15. Bc2 c6 16. b4 Na6 17. Rad1 cxd5 18. cxd5 Rac8 19. Qb2 Nc7 20. Bb3 Nb5 21. a4 Nc7 22. Rc1 b5 23. a5 Na6 24. Rxc8 Rxc8 25. Rc1 Rxc1+ 26. Qxc1 Nxb4 27. Qd2 Na6 28. Qe3 Qc7 29. h3 Nc5 30. Bd1 Qxa5 31. Be2 b4 32. Nh4 b3 33. Bd3 Nxd3 34. Qxd3 Qe1+ 35. Kh2 b2 36. Nf3 Qxf2 37. Qd2 Qxd2 38. Nxd2 Ba6 39. Kg3 Bd3 40. Kf3 b1Q 41. Nxb1 Bxb1 42. g4 a5 43. Ke3 a4 44. Kd2 a3 45. Kc3 a2 46. Kb2 Bxe4 47. Kxa2 Bxd5+ 48. Kb2 Bg2 49. h4 Bh3 50. g5 hxg5 51. hxg5 g6 52. Kc3 Kf8 53. Kc4 Ke7 54. Kd5 Bf5 55. Kc4 Ke6 56. Kb5 e4 57. Kc4 e3 58. Kc3 e2 59. Kd2 Bg4 60. Ke1 Ke5 61. Kf2 Ke4 62. Ke1 Kf3 63. Kd2 Kf2 64. Kd3 e1Q 65. Kc2 Ke3 0-1

[Event "CZE-ch Betsys Online Blitz"]
[Site "Chess.com INT"]
[Date "2021.04.17"]
[Round "8"]
[White "Dolezal, Eduard"]
[Black "Pesek, Jan Antonin"]
[Result "0-1"]
[WhiteElo "1093"]
[BlackElo "1173"]
[PlyCount "100"]
[EventDate "2021.04.17"]
[EventType "swiss (blitz)"]
[EventRounds "13"]
[EventCountry "CZE"]
[SourceTitle "CBM 201 Extra"]
[Source "ChessBase"]
[SourceDate "2021.05.31"]
[SourceVersion "1"]
[SourceVersionDate "2021.05.31"]
[SourceQuality "1"]

1. d4 d5 2. c4 e6 3. Nc3 Nf6 4. Bg5 Bb4 5. Qc2 c6 6. cxd5 cxd5 7. e3 Nc6 8. Nf3 b6 9. Bb5 Bd7 10. 0-0 Bxc3 11. Qxc3 Nb8 12. Bxd7+ Nbxd7 13. Bxf6 Nxf6 14. Qc6+ Nd7 15. Ne5 Rc8 16. Qb5 Rc7 17. Nxd7 Qxd7 18. Qxd7+ Rxd7 19. Rac1 Ke7 20. Rc6 Rhd8 21. Rfc1 Kf6 22. Rc7 Ke7 23. Rxd7+ Rxd7 24. Rc8 Rd8 25. Rxd8 Kxd8 26. Kf1 Kd7 27. Ke2 Kc6 28. Kd3 Kb5 29. Kc3 a5 30. b3 Kc6 31. a4 Kd6 32. f3 f6 33. e4 dxe4 34. fxe4 g6 35. Kc4 Kc7 36. Kb5 f5 37. e5 g5 38. h3 h5 39. g3 f4 40. Kc4 fxg3 41. Kd3 g2 42. Ke4 g1Q 43. Kd3 Qd1+ 44. Kc4 Qc2+ 45. Kb5 Qxb3+ 46. Ka6 Qxa4 47. Ka7 Qd7 48. Ka6 Kc6 49. d5+ exd5 50. e6 Qb7# 0-1

[Event "CZE-ch Betsys Online Blitz"]
[Site "Chess.com INT"]
[Date "2021.04.17"]
[Round "5"]
[White "Janecek, Miroslav1111"]
[Black "Dolezal, Eduard"]
[Result "1/2-1/2"]
[WhiteElo "1751"]
[BlackElo "1093"]
[PlyCount "112"]
[EventDate "2021.04.17"]
[EventType "swiss (blitz)"]
[EventRounds "13"]
[EventCountry "CZE"]
[SourceTitle "CBM 201 Extra"]
[Source "ChessBase"]
[SourceDate "2021.05.31"]
[SourceVersion "1"]
[SourceVersionDate "2021.05.31"]
[SourceQuality "1"]

1. e4 c5 2. Nf3 d6 3. d4 cxd4 4. Nxd4 Nf6 5. Nc3 g6 6. f3 Bg7 7. Be3 0-0 8. Be2 Qc7 9. 0-0 Nc6 10. Qd2 Nxd4 11. Bxd4 Be6 12. Nb5 Qc6 13. Nxa7 Qd7 14. Nb5 Rfc8 15. Nc3 Rc7 16. Be3 Rac8 17. Bh6 d5 18. Bxg7 Kxg7 19. exd5 Nxd5 20. Nxd5 Qxd5 21. Qxd5 Bxd5 22. c3 e5 23. Rfd1 Be6 24. Rd2 Bc4 25. Bxc4 Rxc4 26. Rd7 R8c7 27. Rxc7 Rxc7 28. Re1 Kf6 29. Re4 Kf5 30. a4 Rd7 31. b4 Rd1+ 32. Kf2 Rc1 33. Rc4 h5 34. a5 g5 35. Rc7 g4 36. fxg4+ hxg4 37. Rxf7+ Ke4 38. Rxb7 Rxc3 39. a6 Ra3 40. a7 Kd3 41. Rd7+ Kc4 42. h4 gxh3 43. gxh3 Kxb4 44. Re7 Kb5 45. Rxe5+ Kb6 46. Re7 Kc6 47. h4 Kd6 48. Rg7 Ke6 49. h5 Kf6 50. Rb7 Kg5 51. Rb5+ Kh6 52. Rb8 Rxa7 53. Rb5 Rg7 54. Kf3 Rg5 55. Rxg5 Kxg5 56. h6 Kxh6 1/2-1/2

[Event "CZE-ch Betsys Online Blitz"]
[Site "Chess.com INT"]
[Date "2021.04.17"]
[Round "9"]
[White "Nikolinko, Alexandr"]
[Black "Dolezal, Eduard"]
[Result "0-1"]
[WhiteElo "1138"]
[BlackElo "1093"]
[PlyCount "84"]
[EventDate "2021.04.17"]
[EventType "swiss (blitz)"]
[EventRounds "13"]
[EventCountry "CZE"]
[SourceTitle "CBM 201 Extra"]
[Source "ChessBase"]
[SourceDate "2021.05.31"]
[SourceVersion "1"]
[SourceVersionDate "2021.05.31"]
[SourceQuality "1"]

1. b3 Nf6 2. e3 g5 3. Bb2 Bg7 4. f4 gxf4 5. exf4 0-0 6. Nf3 d6 7. Ng5 h6 8. Nh3 Bf5 9. Bd3 Bxd3 10. cxd3 Nc6 11. Qe2 Qd7 12. Nc3 Rfe8 13. 0-0-0 e5 14. Ne4 Qe6 15. Nxf6+ Qxf6 16. fxe5 Nxe5 17. d4 Nc6 18. Qf2 Qxf2 19. Nxf2 Bxd4 20. Nd3 Bxb2+ 21. Kxb2 Nd4 22. Nf4 Ne2 23. Nxe2 Rxe2 24. g3 Rae8 25. Kc2 R8e5 26. Kd3 R2e4 27. Kc2 c5 28. d3 Re2+ 29. Rd2 Rxd2+ 30. Kxd2 Kg7 31. Rc1 Kf6 32. Kc3 Kg5 33. Rg1 Kg4 34. d4 cxd4+ 35. Kxd4 Re2 36. Kd5 Rxa2 37. Kxd6 Rxh2 38. Kc7 Rb2 39. Kxb7 Rxb3+ 40. Kxa7 Rxg3 41. Rf1 h5 42. Rxf7 h4 0-1